[Event "36. Copenhagen Open (Politiken Cup)"]
[Site "Elsinore"]
[Date "2014.07.22"]
[Round "2"]
[White "Thorsbro, Peter"]
[Black "Jacobsen, Fredrik Beer"]
[Result "1/2-1/2"]
[WhiteElo "2216"]
[BlackElo "2012"]
[PlyCount "80"]
[EventDate "2014.07.21"]
[EventType "swiss"]
[EventRounds "10"]
[EventCountry "DEN"]
[Source "ChessBase"]
[SourceDate "2014.08.29"]

1. d4 Nf6 2. c4 e6 3. Nf3 b6 4. g3 Bb7 5. Bg2 Be7 6. O-O O-O 7. Nc3 d5 8. Ne5
Nbd7 9. Qa4 Nxe5 10. dxe5 Ne4 11. Nxe4 dxe4 12. Be3 Qe8 13. Qc2 Qc6 14. Rfd1
Rad8 15. b3 Rxd1+ 16. Rxd1 Rd8 17. h4 a6 18. Rxd8+ Bxd8 19. Qd2 Be7 20. Qd4 Kf8
21. Bg5 Bxg5 22. hxg5 Ke7 23. f4 Qd7 24. Qxd7+ Kxd7 25. Kf1 Bc6 26. e3 Bb7 27.
c5 bxc5 28. Ke1 Bd5 29. Kd2 c4 30. b4 c5 31. bxc5 Kc6 32. Kc3 Kxc5 33. Bf1 Kb5
34. Be2 Ka4 35. Kb2 a5 36. Bd1+ Kb4 37. a3+ Kc5 38. Kc3 Bc6 39. Bc2 Kd5 40. Bd1
Kc5 1/2-1/2

[Event "36. Copenhagen Open (Politiken Cup)"]
[Site "Elsinore"]
[Date "2014.07.22"]
[Round "2"]
[White "Thybo, Thomas Sondergaard"]
[Black "Skjoldager, Flemming"]
[Result "0-1"]
[WhiteElo "1525"]
[BlackElo "1882"]
[PlyCount "88"]
[EventDate "2014.07.21"]
[EventType "swiss"]
[EventRounds "10"]
[EventCountry "DEN"]
[Source "ChessBase"]
[SourceDate "2014.08.29"]

1. e4 c6 2. Nc3 d5 3. Nf3 dxe4 4. Nxe4 Nf6 5. Nxf6+ gxf6 6. d4 Bf5 7. Bd3 Bxd3
8. Qxd3 Nd7 9. Bf4 e6 10. O-O-O Qa5 11. Kb1 O-O-O 12. Rhe1 h5 13. h4 Nb6 14.
Bd2 Qd5 15. Qe4 Bh6 16. Qxd5 Rxd5 17. Bxh6 Rxh6 18. b3 Rg6 19. g3 Rb5 20. Nd2
Rd5 21. Nf1 Rd8 22. Ne3 Nd5 23. Nxd5 Rxd5 24. c4 Rd8 25. Re2 Rg4 26. Red2 Re4
27. d5 cxd5 28. cxd5 e5 29. d6 Kd7 30. Kc2 Rc8+ 31. Kd3 Rd4+ 32. Ke3 Rxd2 33.
Rxd2 f5 34. Rd5 Ke6 35. d7 Rd8 36. Rd2 Rxd7 37. Rxd7 Kxd7 38. f4 f6 39. Kd3 Kd6
40. Kc4 Kc6 41. a3 b5+ 42. Kc3 Kc5 43. b4+ Kd5 44. Kd3 a6 0-1

[Event "36. Copenhagen Open (Politiken Cup)"]
[Site "Elsinore"]
[Date "2014.07.22"]
[Round "2"]
[White "Tretvold, Martin"]
[Black "Merkesvik, Amalie Isabel"]
[Result "1-0"]
[WhiteElo "1857"]
[BlackElo "1497"]
[PlyCount "59"]
[EventDate "2014.07.21"]
[EventType "swiss"]
[EventRounds "10"]
[EventCountry "DEN"]
[Source "ChessBase"]
[SourceDate "2014.08.29"]

1. Nf3 Nc6 2. d4 d5 3. Bf4 Bf5 4. e3 a6 5. c4 e6 6. Nc3 Nf6 7. Be2 Be7 8. h3 h6
9. a3 Qd7 10. b4 g5 11. Bh2 g4 12. Ne5 Nxe5 13. dxe5 Ne4 14. Nxe4 Bxe4 15. f3
gxf3 16. Bxf3 Bxf3 17. Qxf3 O-O-O 18. Rd1 Rhf8 19. cxd5 exd5 20. Rc1 d4 21. O-O
dxe3 22. Rfd1 Qe6 23. Qxe3 Bg5 24. Qa7 c6 25. Rb1 f6 26. Qa8+ Kc7 27. exf6+ Kb6
28. Rxd8 Qe3+ 29. Kh1 Rxf6 30. Bg1 1-0

[Event "36. Copenhagen Open (Politiken Cup)"]
[Site "Elsinore"]
[Date "2014.07.22"]
[Round "2"]
[White "Tryggestad, Andreas Garberg"]
[Black "Weeks, Manuel William"]
[Result "1/2-1/2"]
[WhiteElo "1912"]
[BlackElo "2206"]
[PlyCount "57"]
[EventDate "2014.07.21"]
[EventType "swiss"]
[EventRounds "10"]
[EventCountry "DEN"]
[Source "ChessBase"]
[SourceDate "2014.08.29"]

1. e4 c5 2. c3 d5 3. exd5 Qxd5 4. d4 Nf6 5. Nf3 e6 6. Be3 cxd4 7. Nxd4 Be7 8.
c4 Qa5+ 9. Nc3 O-O 10. Be2 Rd8 11. Qc2 Nc6 12. Nxc6 bxc6 13. O-O e5 14. a3 g6
15. b4 Qc7 16. c5 Bf5 17. Qb3 Ng4 18. Bc4 Bf6 19. h3 Nxe3 20. fxe3 e4 21. Rxf5
gxf5 22. Rf1 Rd2 23. Nxe4 fxe4 24. Rxf6 Qg3 25. Bf1 Qg7 26. Rf4 h5 27. Qc4 Re8
28. Qc1 Rdd8 29. Qc4 1/2-1/2

[Event "36. Copenhagen Open (Politiken Cup)"]
[Site "Elsinore"]
[Date "2014.07.22"]
[Round "2"]
[White "Undheim, Bjarne"]
[Black "Quiroga, Walter Gonzalo"]
[Result "1-0"]
[WhiteElo "1870"]
[BlackElo "1553"]
[PlyCount "125"]
[EventDate "2014.07.21"]
[EventType "swiss"]
[EventRounds "10"]
[EventCountry "DEN"]
[Source "ChessBase"]
[SourceDate "2014.08.29"]

1. e4 c5 2. Nf3 d6 3. Bb5+ Bd7 4. Bxd7+ Qxd7 5. d4 cxd4 6. Nxd4 Nf6 7. Nc3 g6
8. Bg5 Bg7 9. Qd2 Nc6 10. O-O Nxe4 11. Nxe4 Nxd4 12. c3 Nc6 13. Rfe1 O-O 14.
Rad1 Rfe8 15. Re3 Rad8 16. Rh3 h5 17. Bh6 Qf5 18. Ng3 Bxh6 19. Qxh6 Qf6 20.
Nxh5 Qh8 21. Qxh8+ Kxh8 22. Nf6+ Kg7 23. Nxe8+ Rxe8 24. Rdd3 Ne5 25. Rd4 Rc8
26. f4 Nc4 27. b3 Nb6 28. Kf2 a5 29. Ke2 Nd7 30. g4 b5 31. Rdd3 Nc5 32. Rde3
Ne6 33. Kf3 Rc7 34. g5 a4 35. Kg4 axb3 36. axb3 Nc5 37. b4 Ne6 38. Rh4 Rc4 39.
Kg3 Rc7 40. Kf2 Rc4 41. Kg3 Rc7 42. Rg4 f5 43. Rh4 Kf7 44. Kf2 d5 45. Rd3 Rd7
46. Ke3 Ng7 47. Kd4 Ne6+ 48. Ke5 Nc7 49. Rh7+ Ke8 50. Rh8+ Kf7 51. Rdh3 Ne6 52.
R3h7+ Ng7 53. Rb8 Rc7 54. Kxd5 Rxc3 55. Rxb5 Rf3 56. Rc5 Rxf4 57. b5 Rb4 58.
Kc6 f4 59. b6 f3 60. Rc2 e5 61. Kd5 Rxb6 62. Rc7+ Kf8 63. Rh8# 1-0

[Event "36. Copenhagen Open (Politiken Cup)"]
[Site "Elsinore"]
[Date "2014.07.22"]
[Round "2"]
[White "Yilmaz, Kazim"]
[Black "Hansen, Verner"]
[Result "1/2-1/2"]
[WhiteElo "1637"]
[BlackElo "1888"]
[PlyCount "140"]
[EventDate "2014.07.21"]
[EventType "swiss"]
[EventRounds "10"]
[EventCountry "DEN"]
[Source "ChessBase"]
[SourceDate "2014.08.29"]

1. d4 d5 2. c4 e6 3. Nc3 c5 4. cxd5 exd5 5. Nf3 Nc6 6. e3 Nf6 7. Bb5 Be7 8. Ne5
Bd7 9. Nxd7 Qxd7 10. Qf3 O-O 11. Bxc6 bxc6 12. O-O Rab8 13. Rb1 c4 14. e4 dxe4
15. Nxe4 Qxd4 16. Nxf6+ Qxf6 17. Bf4 Rb5 18. Qe3 Bc5 19. Qc1 c3 20. b4 Bd4 21.
Be3 a5 22. Bxd4 Qxd4 23. bxa5 Rxa5 24. Rb3 Rc5 25. Rd1 Qe5 26. h3 Qe2 27. Re1
Qc4 28. Qc2 Qd4 29. Rc1 Rc8 30. Rxc3 Rxc3 31. Qxc3 Qxc3 32. Rxc3 Kf8 33. Kf1
Ke7 34. Ke2 Kd6 35. Kd2 Ra8 36. a3 c5 37. Kc2 Kd5 38. Rd3+ Kc6 39. Rc3 Kb5 40.
Rb3+ Kc6 41. Rc3 Ra4 42. Kb3 Rd4 43. Rc4 Rd7 44. Rc3 Kb5 45. Kc2 c4 46. Re3 f6
47. g3 Kc5 48. h4 Kd4 49. Rc3 f5 50. Rf3 g6 51. Rf4+ Kc5 52. Rf3 Ra7 53. Re3
Ra6 54. Rc3 h6 55. Rf3 Re6 56. Re3 Ra6 57. Rf3 Kd4 58. Rf4+ Kc5 59. Rf3 Re6 60.
Re3 Rd6 61. Rf3 Rd4 62. Re3 g5 63. hxg5 hxg5 64. Rf3 Rd5 65. Kc3 Kb5 66. a4+
Kc5 67. a5 g4 68. Re3 Kb5 69. f4 gxf3 70. Rxf3 Kxa5 1/2-1/2

[Event "36. Copenhagen Open (Politiken Cup)"]
[Site "Elsinore"]
[Date "2014.07.22"]
[Round "3"]
[White "Abrahamyan, Tatev"]
[Black "Rossen, Claus"]
[Result "0-1"]
[WhiteElo "2366"]
[BlackElo "2123"]
[PlyCount "82"]
[EventDate "2014.07.21"]
[EventType "swiss"]
[EventRounds "10"]
[EventCountry "DEN"]
[Source "ChessBase"]
[SourceDate "2014.08.29"]

1. e4 c5 2. Nf3 Nc6 3. d4 cxd4 4. Nxd4 e5 5. Nb5 a6 6. Nd6+ Bxd6 7. Qxd6 Qf6 8.
Qd1 Qg6 9. Nc3 Nge7 10. Be3 d5 11. Nxd5 Nxd5 12. Qxd5 Be6 13. Qc5 Qxe4 14.
O-O-O Rc8 15. Bd3 Qa4 16. a3 Nd4 17. Qb4 Rxc2+ 18. Kb1 Qxb4 19. axb4 Rc7 20. f4
Nf5 21. Bb6 Rc6 22. Bc5 exf4 23. Be4 Rc7 24. Rhe1 Rd7 25. Rxd7 Kxd7 26. Bxb7
Bc4 27. Be4 Ne3 28. Bxe3 fxe3 29. Rxe3 Rb8 30. Rh3 h6 31. Rg3 g6 32. Kc2 Rxb4
33. Kc3 a5 34. Bc2 Bd5 35. b3 Kc6 36. Bd1 Rf4 37. h3 Rf2 38. Rd3 Bxg2 39. b4
axb4+ 40. Kxb4 Rf4+ 41. Kc3 Rh4 0-1

[Event "36. Copenhagen Open (Politiken Cup)"]
[Site "Elsinore"]
[Date "2014.07.22"]
[Round "3"]
[White "Alfven, Jorgen"]
[Black "Collareta, Giovanni"]
[Result "0-1"]
[WhiteElo "1883"]
[BlackElo "2095"]
[PlyCount "48"]
[EventDate "2014.07.21"]
[EventType "swiss"]
[EventRounds "10"]
[EventCountry "DEN"]
[Source "ChessBase"]
[SourceDate "2014.08.29"]

1. d4 d5 2. c4 c6 3. Nf3 Nf6 4. Nc3 dxc4 5. a4 Bg4 6. Ne5 Bh5 7. f3 Nfd7 8.
Nxc4 e5 9. Ne4 Bb4+ 10. Bd2 Qe7 11. Bc3 O-O 12. dxe5 Bxc3+ 13. bxc3 Nxe5 14.
Qd6 Re8 15. Qxe7 Rxe7 16. Rd1 Nbd7 17. Ncd6 Bg6 18. e3 Nb6 19. Rd4 a5 20. Kd2
Rd7 21. Kc2 c5 22. Rd1 Rad8 23. Rb1 Rxd6 24. Be2 Bxe4+ 0-1

[Event "36. Copenhagen Open (Politiken Cup)"]
[Site "Elsinore"]
[Date "2014.07.22"]
[Round "3"]
[White "Alle, Ambjorn"]
[Black "Svedberg, Hans"]
[Result "1-0"]
[WhiteElo "2196"]
[BlackElo "1997"]
[PlyCount "57"]
[EventDate "2014.07.21"]
[EventType "swiss"]
[EventRounds "10"]
[EventCountry "DEN"]
[Source "ChessBase"]
[SourceDate "2014.08.29"]

1. Nf3 d5 2. c4 c6 3. d4 Nf6 4. Nc3 g6 5. e3 Bg7 6. Be2 O-O 7. O-O Bf5 8. Qb3
Qb6 9. Qa3 Re8 10. cxd5 cxd5 11. Bd2 Nc6 12. Rfc1 Bf8 13. Na4 Qd8 14. Qb3 Na5
15. Bxa5 Qxa5 16. Rc5 Qd8 17. Qxb7 e5 18. Rcc1 exd4 19. Nxd4 Bg4 20. Qc7 Bxe2
21. Qxd8 Raxd8 22. Nxe2 Bd6 23. Rc6 Ng4 24. h3 Ne5 25. Rc2 Nc4 26. Rd1 Be5 27.
b3 Nb6 28. Nxb6 axb6 29. Rcd2 1-0

[Event "36. Copenhagen Open (Politiken Cup)"]
[Site "Elsinore"]
[Date "2014.07.22"]
[Round "3"]
[White "Andersen, Claus"]
[Black "Karlsson, Ulf"]
[Result "0-1"]
[WhiteElo "1774"]
[BlackElo "1994"]
[PlyCount "114"]
[EventDate "2014.07.21"]
[EventType "swiss"]
[EventRounds "10"]
[EventCountry "DEN"]
[Source "ChessBase"]
[SourceDate "2014.08.29"]

1. d4 d5 2. c4 e6 3. Nc3 c5 4. cxd5 exd5 5. Nf3 Nc6 6. g3 Nf6 7. Bg2 Be7 8. O-O
O-O 9. Bg5 cxd4 10. Nxd4 h6 11. Bxf6 Bxf6 12. e3 Nxd4 13. exd4 Be6 14. Rc1 Qd7
15. Re1 Rfd8 16. Ne2 Qb5 17. b3 Qb6 18. Qd2 Rd6 19. Rc5 Rad8 20. Rec1 Rc6 21.
b4 Be7 22. Rxc6 bxc6 23. a3 Bg5 24. f4 Bf6 25. Bf3 Bd7 26. Rd1 Ra8 27. Nc3 Qa6
28. a4 Rb8 29. b5 cxb5 30. axb5 Bxb5 31. Rb1 Qa5 32. Bxd5 a6 33. Rd1 Bd7 34.
Bf3 Rb3 35. Ne4 Qxd2 36. Nxd2 Rd3 37. Be2 Rxd4 38. Nb3 Rxd1+ 39. Bxd1 Ba4 40.
Kf2 Bd8 41. Ke2 Bb6 42. h3 Bb5+ 43. Kd2 Bf2 44. g4 Bf1 45. Be2 Bxh3 46. Bxa6
Bxg4 47. Nc1 g6 48. Nd3 Bd4 49. Nb4 Bf3 50. Bc4 Kg7 51. Nd5 Bc5 52. Kd3 h5 53.
Nc3 Bg2 54. Ke2 h4 55. Bd3 f5 56. Nd1 h3 57. Nf2 h2 0-1

[Event "36. Copenhagen Open (Politiken Cup)"]
[Site "Elsinore"]
[Date "2014.07.22"]
[Round "3"]
[White "Andersen, Dag"]
[Black "Skjoldager, Mikael"]
[Result "1/2-1/2"]
[WhiteElo "1862"]
[BlackElo "2078"]
[PlyCount "84"]
[EventDate "2014.07.21"]
[EventType "swiss"]
[EventRounds "10"]
[EventCountry "DEN"]
[Source "ChessBase"]
[SourceDate "2014.08.29"]

1. e4 e5 2. Nf3 Nc6 3. Bb5 Nf6 4. d3 Bc5 5. c3 d6 6. O-O Bd7 7. h3 a6 8. Ba4
Ne7 9. Bc2 Ba7 10. Re1 Ng6 11. d4 Qe7 12. a4 O-O 13. Na3 h6 14. Be3 Rfd8 15.
Nc4 Nh7 16. Qc1 Qf6 17. dxe5 dxe5 18. Bxa7 Rxa7 19. Qe3 Raa8 20. Rad1 Ng5 21.
Nxg5 hxg5 22. Qc5 Rac8 23. Ne3 b6 24. Qc4 Nf4 25. Nf5 g6 26. Nh6+ Kg7 27. Ng4
Bxg4 28. hxg4 a5 29. Rxd8 Rxd8 30. Rd1 Ne6 31. Rxd8 Qxd8 32. Qe2 Qd7 33. Qd1
Qe7 34. g3 Nc5 35. Qd5 Nd7 36. f3 Nf6 37. Qc4 Ne8 38. Bb3 Nf6 39. Kf2 Qd7 40.
Ke3 Qe7 41. Qc6 Ne8 42. Qd5 Nf6 1/2-1/2

[Event "36. Copenhagen Open (Politiken Cup)"]
[Site "Elsinore"]
[Date "2014.07.22"]
[Round "3"]
[White "Andersen, Daniel"]
[Black "Riis, Jens"]
[Result "0-1"]
[WhiteElo "1967"]
[BlackElo "2172"]
[PlyCount "64"]
[EventDate "2014.07.21"]
[EventType "swiss"]
[EventRounds "10"]
[EventCountry "DEN"]
[Source "ChessBase"]
[SourceDate "2014.08.29"]

1. c4 c6 2. e4 Qa5 3. Nc3 Nf6 4. Nf3 e5 5. Be2 Be7 6. O-O O-O 7. d4 d6 8. a3
Nbd7 9. b4 Qc7 10. Bb2 Re8 11. d5 Nf8 12. dxc6 bxc6 13. a4 Ne6 14. Re1 a5 15.
b5 Nc5 16. Nd2 Bb7 17. Bf1 Bf8 18. Nb3 cxb5 19. Nxc5 Qxc5 20. axb5 Be7 21. Na4
Qc7 22. Bd3 Nd7 23. Bc3 Bd8 24. Qd2 Nb6 25. Nxb6 Qxb6 26. Ra4 g6 27. Rea1 f5
28. exf5 e4 29. Re1 Bh4 30. g3 exd3 31. Rxe8+ Rxe8 32. Qh6 Qd4 0-1

[Event "36. Copenhagen Open (Politiken Cup)"]
[Site "Elsinore"]
[Date "2014.07.22"]
[Round "3"]
[White "Andersen, Guttorm"]
[Black "Jacobsen, Per"]
[Result "1-0"]
[WhiteElo "1845"]
[BlackElo "1655"]
[PlyCount "101"]
[EventDate "2014.07.21"]
[EventType "swiss"]
[EventRounds "10"]
[EventCountry "DEN"]
[Source "ChessBase"]
[SourceDate "2014.08.29"]

1. e4 Nf6 2. Nc3 d6 3. d4 g6 4. f4 Bg7 5. Nf3 O-O 6. Be2 c6 7. O-O b5 8. e5
dxe5 9. fxe5 Nd5 10. Ne4 Bf5 11. Ng3 Bg4 12. c4 bxc4 13. Bxc4 e6 14. Ne4 Nb6
15. Be2 N8d7 16. Bd2 Nd5 17. Qa4 Qb6 18. Kh1 Bxf3 19. Bxf3 Rab8 20. b3 Nb4 21.
Bxb4 Qxb4 22. Qxc6 Qxd4 23. Rad1 Nxe5 24. Rxd4 Nxc6 25. Ra4 Rfd8 26. Ng5 Ne5
27. Rxa7 h6 28. Ne4 Rbc8 29. Be2 Rd7 30. Rxd7 Nxd7 31. Nd6 Rf8 32. Bc4 Ne5 33.
Bb5 Rd8 34. Nc4 Nd3 35. g3 Bd4 36. a4 Nf2+ 37. Kg2 Ng4 38. h3 Ne3+ 39. Nxe3
Bxe3 40. Kf3 Bb6 41. Rc1 Kg7 42. Rc6 Bd4 43. a5 Rb8 44. Bc4 Rb7 45. a6 Ra7 46.
Ke4 Rd7 47. b4 Bf2 48. g4 f5+ 49. Kf3 Ba7 50. gxf5 exf5 51. b5 1-0

[Event "36. Copenhagen Open (Politiken Cup)"]
[Site "Elsinore"]
[Date "2014.07.22"]
[Round "3"]
[White "Andersen, Morten"]
[Black "Semcesen, Daniel"]
[Result "0-1"]
[WhiteElo "2143"]
[BlackElo "2471"]
[PlyCount "142"]
[EventDate "2014.07.21"]
[EventType "swiss"]
[EventRounds "10"]
[EventCountry "DEN"]
[Source "ChessBase"]
[SourceDate "2014.08.29"]

1. c4 e5 2. g3 Nf6 3. Nc3 c6 4. d4 exd4 5. Qxd4 d5 6. cxd5 cxd5 7. Bg2 Nc6 8.
Qa4 Be6 9. Nf3 Bc5 10. Ne5 Rc8 11. O-O O-O 12. Nd3 Bd4 13. e3 Bxc3 14. bxc3 Qa5
15. Qa3 Rfd8 16. Nc5 b6 17. Nb7 Qxa3 18. Bxa3 Rd7 19. Nd6 Rcd8 20. Nb5 Na5 21.
Bb4 Nc4 22. a4 a5 23. Ba3 Bf5 24. Nd4 Be4 25. Bh3 Rb7 26. Bc1 h5 27. f3 Bg6 28.
Re1 Re8 29. Bf1 Rc8 30. Bh3 Rc5 31. Ba3 Nxa3 32. Rxa3 Bd3 33. Rd1 Bc4 34. Rb1
Ne8 35. e4 dxe4 36. fxe4 Bd3 37. Re1 Nd6 38. Bg2 Re7 39. Rb3 Nc4 40. Rb5 Rxb5
41. Nxb5 Bc2 42. Bf1 Ne5 43. Nd4 Bxa4 44. Rb1 Nd7 45. Bb5 Bxb5 46. Rxb5 Re5 47.
Kf2 Kf8 48. Ke3 Rc5 49. Kd2 g6 50. Rb1 Ke7 51. Kc2 Ke8 52. Kd3 Re5 53. Nf3 Re6
54. Nd4 Nc5+ 55. Kc2 Rf6 56. e5 Rf2+ 57. Kd1 Nd7 58. e6 fxe6 59. Rb5 Kf7 60. h4
e5 61. Ne2 Ke6 62. c4 Rf3 63. c5 bxc5 64. Rxa5 Kf5 65. Ra7 Nf6 66. Rc7 Ne4 67.
Rf7+ Kg4 68. Rg7 Rf6 69. Re7 Nxg3 70. Nxg3 Kxg3 71. Rxe5 Kxh4 0-1

[Event "36. Copenhagen Open (Politiken Cup)"]
[Site "Elsinore"]
[Date "2014.07.22"]
[Round "3"]
[White "Andersen, Rune Egede"]
[Black "Molvig, Julius"]
[Result "0-1"]
[WhiteElo "2132"]
[BlackElo "1892"]
[PlyCount "84"]
[EventDate "2014.07.21"]
[EventType "swiss"]
[EventRounds "10"]
[EventCountry "DEN"]
[Source "ChessBase"]
[SourceDate "2014.08.29"]

1. e4 c5 2. Nf3 e6 3. c3 Nf6 4. e5 Nd5 5. d4 cxd4 6. cxd4 Nc6 7. Bc4 Nb6 8. Bd3
d6 9. O-O dxe5 10. dxe5 Be7 11. Qe2 Bd7 12. a3 Qc7 13. Nc3 a6 14. Bf4 Rd8 15.
Rac1 Bc8 16. Bb1 Nd5 17. Nxd5 Rxd5 18. Rfe1 Qd7 19. g3 g5 20. Nxg5 Bxg5 21.
Bxg5 Rxe5 22. Qxe5 Nxe5 23. Rxe5 b6 24. Bf6 Rg8 25. Bxh7 Rg4 26. Be4 Kf8 27. h3
Rg6 28. Bh4 f5 29. Bc6 Qd4 30. Re3 Qxh4 31. Bg2 Qd8 32. Rec3 Bd7 33. Rd3 Rg7
34. Bb7 Qg5 35. Rcd1 Bb5 36. Rd8+ Kf7 37. Rc8 Kf6 38. Kh2 Rxb7 39. Rd4 Rd7 40.
Rh4 Qd2 41. Rf4 Qe1 42. Rf8+ Ke7 0-1

[Event "36. Copenhagen Open (Politiken Cup)"]
[Site "Elsinore"]
[Date "2014.07.22"]
[Round "3"]
[White "Andersson, Thorbjorn"]
[Black "Keen, Cosima C"]
[Result "0-1"]
[WhiteElo "1950"]
[BlackElo "1729"]
[PlyCount "72"]
[EventDate "2014.07.21"]
[EventType "swiss"]
[EventRounds "10"]
[EventCountry "DEN"]
[Source "ChessBase"]
[SourceDate "2014.08.29"]

1. Nf3 d5 2. g3 Nf6 3. Bg2 e6 4. O-O Be7 5. d3 O-O 6. Nbd2 b6 7. c3 Bb7 8. d4
Nbd7 9. Re1 c5 10. e3 Qc7 11. b3 cxd4 12. cxd4 Qc3 13. Rb1 Ba6 14. Bb2 Qa5 15.
a3 Bd3 16. b4 Qb5 17. Rc1 Rfc8 18. Bf1 Bxf1 19. Rxf1 a5 20. Rxc8+ Rxc8 21. Qb3
axb4 22. a4 Qa5 23. Rc1 Rxc1+ 24. Bxc1 b5 25. axb5 Qxb5 26. Qc2 Nb6 27. Ne5 Ne8
28. Nb3 Nc4 29. Nd3 Ned6 30. Nbc5 Nb7 31. Nxb7 Qxb7 32. Qa4 b3 33. Nb2 Qb4 34.
Qa7 Bf8 35. Qa1 Qa3 36. Qb1 Qa2 0-1

[Event "36. Copenhagen Open (Politiken Cup)"]
[Site "Elsinore"]
[Date "2014.07.22"]
[Round "3"]
[White "Astrom, Lars"]
[Black "Hagesaether, Arne"]
[Result "1-0"]
[WhiteElo "1939"]
[BlackElo "2145"]
[PlyCount "139"]
[EventDate "2014.07.21"]
[EventType "swiss"]
[EventRounds "10"]
[EventCountry "DEN"]
[Source "ChessBase"]
[SourceDate "2014.08.29"]

1. e4 c6 2. d4 d5 3. exd5 cxd5 4. c4 Nf6 5. Nc3 Nc6 6. Nf3 Bg4 7. cxd5 Nxd5 8.
Qb3 Bxf3 9. gxf3 Nb6 10. Be3 e6 11. O-O-O Be7 12. d5 exd5 13. Nxd5 Nxd5 14.
Rxd5 Qc7 15. Kb1 O-O 16. f4 Rad8 17. Bg2 Bf6 18. Rhd1 Rxd5 19. Rxd5 Nd8 20. Qc2
Qb8 21. Rd7 Ne6 22. Rxb7 Qd6 23. Qd2 Nd4 24. Rxa7 Qc5 25. Bxd4 Bxd4 26. Ra8 g6
27. Qc2 Qd6 28. Rxf8+ Kxf8 29. Qd2 Qb6 30. f5 Bxf2 31. Be4 Be3 32. Qc3 Bd4 33.
Qd2 Kg7 34. h4 Be3 35. Qc3+ Kh6 36. fxg6 fxg6 37. Bf3 Bd4 38. Qd2+ Kg7 39. h5
Be3 40. Qc3+ Kh6 41. hxg6 hxg6 42. a3 Bd4 43. Qc2 Be5 44. b4 Kg7 45. Ka2 g5 46.
Qc4 Qe3 47. Be2 Bc3 48. Qd3 Qe6+ 49. Qc4 Qe3 50. Kb3 Bd2+ 51. Bd3 Qf3 52. Qe4
Qf7+ 53. Bc4 Qf6 54. Qd3 Bf4 55. Qd5 Bc1 56. Qg8+ Kh6 57. Qe6 Kg7 58. Qxf6+
Kxf6 59. a4 Ke5 60. a5 Kd6 61. Be2 Bd2 62. Kc4 Kc7 63. Kb5 Kb7 64. Bf3+ Ka7 65.
Ka4 Be3 66. b5 Bd2 67. b6+ Ka6 68. Be2+ Kb7 69. Kb5 Kb8 70. a6 1-0

[Event "36. Copenhagen Open (Politiken Cup)"]
[Site "Elsinore"]
[Date "2014.07.22"]
[Round "3"]
[White "Beshukov, Sergei"]
[Black "Royset, Pal"]
[Result "0-1"]
[WhiteElo "2423"]
[BlackElo "2208"]
[PlyCount "70"]
[EventDate "2014.07.21"]
[EventType "swiss"]
[EventRounds "10"]
[EventCountry "DEN"]
[Source "ChessBase"]
[SourceDate "2014.08.29"]

1. c4 e5 2. a3 Nc6 3. Nc3 g6 4. g3 Bg7 5. Bg2 f5 6. b4 Nf6 7. b5 Nd4 8. a4 O-O
9. Ba3 d6 10. Rb1 Ne6 11. e3 f4 12. Nge2 Nh5 13. Bd5 Kh8 14. Nc1 Ng5 15. Rb3
fxe3 16. dxe3 Nh3 17. Rf1 Ng5 18. h4 Ne6 19. Ne4 Nf6 20. Nxf6 Qxf6 21. Nd3 Rb8
22. Bb2 Qe7 23. Bg2 Bd7 24. Rh1 a6 25. h5 g5 26. h6 Bf6 27. Bc3 Nd4 28. Ra3 Bf5
29. e4 Be6 30. Bxd4 exd4 31. Qc1 d5 32. cxd5 Bxd5 33. Qc5 Bxe4 34. Bxe4 Qxe4+
35. Kd2 Qxh1 0-1

[Event "36. Copenhagen Open (Politiken Cup)"]
[Site "Elsinore"]
[Date "2014.07.22"]
[Round "3"]
[White "Bjorn, Lasse E"]
[Black "Skjoldager, Per"]
[Result "0-1"]
[WhiteElo "1910"]
[BlackElo "2131"]
[PlyCount "68"]
[EventDate "2014.07.21"]
[EventType "swiss"]
[EventRounds "10"]
[EventCountry "DEN"]
[Source "ChessBase"]
[SourceDate "2014.08.29"]

1. d4 Nf6 2. c4 e6 3. Nf3 b6 4. Nc3 d5 5. Bg5 Be7 6. e3 O-O 7. Be2 Bb7 8. O-O
Nbd7 9. Rc1 dxc4 10. Bxc4 Nd5 11. Bxe7 Qxe7 12. Nxd5 exd5 13. Bd3 c6 14. Bf5 g6
15. Bh3 f5 16. Re1 Rac8 17. g4 fxg4 18. Bxg4 Rc7 19. Bxd7 Qxd7 20. Ne5 Qf5 21.
f4 g5 22. fxg5 Qxg5+ 23. Kh1 Rg7 24. Rg1 Qxe3 25. Rxg7+ Kxg7 26. Qg4+ Kh8 27.
Rg1 Qe4+ 28. Qxe4 dxe4 29. Rg3 c5 30. dxc5 e3+ 31. c6 Bxc6+ 32. Nxc6 e2 33. Rg1
Rf1 34. Nd8 Rxg1+ 0-1

[Event "36. Copenhagen Open (Politiken Cup)"]
[Site "Elsinore"]
[Date "2014.07.22"]
[Round "3"]
[White "Bohman, Leif"]
[Black "Langer, Peter"]
[Result "1/2-1/2"]
[WhiteElo "1866"]
[BlackElo "1546"]
[PlyCount "38"]
[EventDate "2014.07.21"]
[EventType "swiss"]
[EventRounds "10"]
[EventCountry "DEN"]
[Source "ChessBase"]
[SourceDate "2014.08.29"]

1. d4 Nf6 2. Nf3 e6 3. Bf4 c5 4. c3 d6 5. e3 Nbd7 6. h3 Be7 7. Bd3 b6 8. Nbd2
d5 9. O-O c4 10. Bc2 Bb7 11. Re1 O-O 12. e4 dxe4 13. Ng5 Nd5 14. Nxh7 Nxf4 15.
Nxf8 Nxf8 16. Nxc4 Qc7 17. Ne3 Rd8 18. Nf1 f5 19. Ng3 g6 1/2-1/2

[Event "36. Copenhagen Open (Politiken Cup)"]
[Site "Elsinore"]
[Date "2014.07.22"]
[Round "3"]
[White "Boukhris, Yacine"]
[Black "Arbeus, Carl Johan"]
[Result "1-0"]
[WhiteElo "2073"]
[BlackElo "1819"]
[PlyCount "61"]
[EventDate "2014.07.21"]
[EventType "swiss"]
[EventRounds "10"]
[EventCountry "DEN"]
[Source "ChessBase"]
[SourceDate "2014.08.29"]

1. e4 e5 2. Nf3 d6 3. Bc4 h6 4. O-O Nf6 5. Re1 Be7 6. d4 Nbd7 7. Nc3 O-O 8. a4
a5 9. Ba2 c6 10. dxe5 dxe5 11. h3 Qb6 12. Nh4 Bc5 13. Qf3 Kh7 14. Nf5 Nb8 15.
Nd1 Be6 16. Nxh6 Nbd7 17. Nf5 g6 18. Nfe3 Qb4 19. Nc3 Bd4 20. Ng4 Nxg4 21. hxg4
Kg7 22. Rd1 Qe7 23. Ne2 Qh4 24. Nxd4 Bxg4 25. Ne6+ fxe6 26. Rxd7+ Kh8 27. Qg3
Qh5 28. Be3 Rad8 29. Rxd8 Rxd8 30. f3 Bf5 31. exf5 1-0

[Event "36. Copenhagen Open (Politiken Cup)"]
[Site "Elsinore"]
[Date "2014.07.22"]
[Round "3"]
[White "Bratveit, Kristoffer"]
[Black "Nielsen, Bjorn"]
[Result "1-0"]
[WhiteElo "1724"]
[BlackElo "1417"]
[PlyCount "23"]
[EventDate "2014.07.21"]
[EventType "swiss"]
[EventRounds "10"]
[EventCountry "DEN"]
[Source "ChessBase"]
[SourceDate "2014.08.29"]

1. e4 e5 2. Nc3 g6 3. Bc4 Nf6 4. d3 Bg7 5. f4 Bh6 6. fxe5 Bxc1 7. Qxc1 Nh5 8.
Nf3 O-O 9. Qh6 Nf6 10. Ng5 d5 11. exf6 Qxf6 12. Qxh7# 1-0